| 000 | 00502nam a2200169Ia 4500 | ||
|---|---|---|---|
| 008 | 240729s9999 xx 000 0 und d | ||
| 022 | _a2489-6152 | ||
| 245 | 0 | _aPsychiatria Fennica | |
| 260 | _aFinland | ||
| 260 | _bThe Finnish Foundation for Psychiatric Research | ||
| 650 | _a Internal medicine | ||
| 650 | _a Neurosciences. Biological psychiatry. Neuropsychiatry | ||
| 650 | _aMedicine | ||
| 856 | _uhttps://doaj.org/toc/b1880bafc9cc463c9e153a9109fc7197 | ||
| 942 | _2ddc | ||
| 942 | _cDOAJEJ | ||
| 999 |
_c65680 _d65680 |
||
| 945 |
_a1 _bMadushi Gamage _c1 _dMadushi Gamage |
||